000 00485nam a2200181Ia 4500
008 230917s9999||||xx |||||||||||||| ||und||
020 _cRS490
040 _e257427
_aMAIN
041 _aEnglish
082 _a342 K48A(22)
100 _aKesari, U P D
245 0 _aLectures o administrative law
250 _a22nd ed.
260 _aAllahabad
_bCentral Law Publications
_c2018
300 _axlviii, 656 p.
500 _a3584 19/08/2019 IBS19/75 04/09/2019 Main Budget
942 _cBK
999 _c32519
_d32519